Human resource management / (Record no. 10217)

MARC details
000 -LEADER
fixed length control field 03185cam a22004218a 4500
001 - CONTROL NUMBER
control field 14970881
005 - DATE AND TIME OF LATEST TRANSACTION
control field 20070817164250.0
008 - FIXED-LENGTH DATA ELEMENTS--GENERAL INFORMATION
fixed length control field 070817s2008 nju b 001 0 eng
010 ## - LIBRARY OF CONGRESS CONTROL NUMBER
LC control number 2007034147
020 ## - INTERNATIONAL STANDARD BOOK NUMBER
International Standard Book Number 0138142734 (alk. paper)
020 ## - INTERNATIONAL STANDARD BOOK NUMBER
International Standard Book Number 9780138142735 (alk. paper)
040 ## - CATALOGING SOURCE
Original cataloging agency DLC
Transcribing agency DLC
050 00 - LIBRARY OF CONGRESS CALL NUMBER
Classification number HF5549
Item number .D4379 2008
082 00 - DEWEY DECIMAL CLASSIFICATION NUMBER
Classification number 658.3
Edition number 22
Item number DES
100 1# - MAIN ENTRY--PERSONAL NAME
Personal name Dessler, Gary,
Dates associated with a name 1942-
9 (RLIN) 3367
245 10 - TITLE STATEMENT
Title Human resource management /
Statement of responsibility, etc Gary Dessler.
250 ## - EDITION STATEMENT
Edition statement 11th ed.
Remainder of edition statement Pearson international edition
260 ## - PUBLICATION, DISTRIBUTION, ETC. (IMPRINT)
Place of publication, distribution, etc Upper Saddle River, NJ :
Name of publisher, distributor, etc Pearson Prentice Hall,
Date of publication, distribution, etc c2008.
263 ## - PROJECTED PUBLICATION DATE
Projected publication date 0708
300 ## - PHYSICAL DESCRIPTION
Extent 801p:
Other physical details ill;
Dimensions 26cm.
504 ## - BIBLIOGRAPHY, ETC. NOTE
Bibliography, etc Includes bibliographical references and index.
650 #0 - SUBJECT ADDED ENTRY--TOPICAL TERM
Topical term or geographic name as entry element Personnel management.
9 (RLIN) 3368
942 ## - ADDED ENTRY ELEMENTS (KOHA)
Source of classification or shelving scheme Dewey Decimal Classification
Item type Book - Borrowing
Holdings
Withdrawn status Item status Source of classification or shelving scheme Materials specified (bound volume or other part) Damaged status Not for loan Home library Current library Shelving location Date acquired Source of acquisition Cost, normal purchase price Total Checkouts Total Renewals Full call number Barcode Date last seen Date last borrowed Cost, replacement price Koha item type Vendor Serial Enumeration / chronology
  Lost Dewey Decimal Classification Lost In Inventory_2015-8-23     Central Library Central Library First floor 16/10/2008 Purchase 256.00 5 24 658.3 DES 000013926 29/11/2010 30/09/2010 320.00 Book - Borrowing    
    Dewey Decimal Classification       Central Library Central Library First floor 16/10/2008 Purchase 256.00 12 26 658.3 DES 000013929 15/07/2025 18/11/2018 320.00 Book - Borrowing    
    Dewey Decimal Classification       Central Library Central Library First floor 16/10/2008 Purchase 256.00 12 24 658.3 DES 000013928 15/07/2025 07/12/2017 320.00 Book - Borrowing    
    Dewey Decimal Classification       Central Library Central Library First floor 16/10/2008 Purchase 256.00 13 34 658.3 DES 000013930 15/07/2025 04/11/2018 320.00 Book - Borrowing    
    Dewey Decimal Classification BOX07 Damaged   Central Library Central Library First floor 16/10/2008   256.00 14 7 658.3 DES 000013927 18/08/2021 10/01/2010 320.00 Book - Borrowing    
    Dewey Decimal Classification       Central Library Central Library First floor 16/10/2008 Purchase 256.00 9   658.3 DES 000013595 15/07/2025 26/03/2013 320.00 NB - Book (Non borrowing)    
    Dewey Decimal Classification       Central Library Central Library First floor 08/04/2009   256.00 12 28 658.3 DES 000015917 15/07/2025 14/12/2017 320.00 Book - Borrowing Alahram 349
    Dewey Decimal Classification       Central Library Central Library First floor 26/10/2009   256.00 11 29 658.3 DES 000018519 15/07/2025 07/12/2017 320.00 Book - Borrowing Baccah  
    Dewey Decimal Classification       Central Library Central Library First floor 26/10/2009   256.00 14 23 658.3 DES 000018520 15/07/2025 07/12/2017 320.00 Book - Borrowing Baccah  
    Dewey Decimal Classification       Central Library Central Library First floor 26/10/2009   256.00 8 52 658.3 DES 000018521 15/07/2025 22/10/2017 320.00 Book - Borrowing Baccah  
  Lost Dewey Decimal Classification Lost In Inventory_2015-8-23     Central Library Central Library First floor 26/10/2009   256.00 1   658.3 DES 000018522 12/01/2010 26/10/2009 320.00 Book - Borrowing Baccah  
    Dewey Decimal Classification       Central Library Central Library First floor 26/10/2009   256.00 3   658.3 DES 000018523 15/07/2025 13/12/2010 320.00 NB - Book (Non borrowing) Baccah  
    Dewey Decimal Classification       Central Library Central Library First floor 12/01/2010   256.00 5 40 658.3 DES 000019458 15/07/2025 22/10/2017 320.00 Book - Borrowing